Psychiatric mental health nursing : (Record no. 13107)
[ view plain ]
| 000 -LEADER | |
|---|---|
| fixed length control field | 01536cam a2200337 a 4500 |
| 001 - CONTROL NUMBER | |
| control field | 3981699 |
| 005 - DATE AND TIME OF LATEST TRANSACTION | |
| control field | 19960531101635.6 |
| 008 - FIXED-LENGTH DATA ELEMENTS--GENERAL INFORMATION | |
| fixed length control field | 951205s1996 paua b 001 0 eng c |
| 010 ## - LIBRARY OF CONGRESS CONTROL NUMBER | |
| LC control number | 95052350 |
| 020 ## - INTERNATIONAL STANDARD BOOK NUMBER | |
| International Standard Book Number | 0803601069 (hardcover) |
| 040 ## - CATALOGING SOURCE | |
| Original cataloging agency | DNLM/DLC |
| Transcribing agency | DLC |
| Modifying agency | DLC |
| 050 00 - LIBRARY OF CONGRESS CALL NUMBER | |
| Classification number | RC440 |
| Item number | .T693 1996 |
| 060 10 - NATIONAL LIBRARY OF MEDICINE CALL NUMBER | |
| Classification number | WY 160 T749p 1996 |
| 082 00 - DEWEY DECIMAL CLASSIFICATION NUMBER | |
| Classification number | 610.7368 |
| Edition number | 20 |
| Item number | TOW |
| 100 1# - MAIN ENTRY--PERSONAL NAME | |
| Personal name | Townsend, Mary C., |
| Dates associated with a name | 1941- |
| 9 (RLIN) | 10236 |
| 245 10 - TITLE STATEMENT | |
| Title | Psychiatric mental health nursing : |
| Remainder of title | concepts of care / |
| Statement of responsibility, etc | Mary C. Townsend. |
| 250 ## - EDITION STATEMENT | |
| Edition statement | 2nd ed. |
| 260 ## - PUBLICATION, DISTRIBUTION, ETC. (IMPRINT) | |
| Place of publication, distribution, etc | Philadelphia, PA : |
| Name of publisher, distributor, etc | F.A. Davis, |
| Date of publication, distribution, etc | c1996. |
| 300 ## - PHYSICAL DESCRIPTION | |
| Extent | xxviii, 900 p. : |
| Other physical details | ill. (som. col.) ; |
| Dimensions | 26 cm. |
| 500 ## - GENERAL NOTE | |
| General note | Accompanied by: Quick reference guide: interventions and outcomes for specific psychiatric bechaviors and administering psychotropic medications / Mary C. Townsend. 42 p. ; 14 cm. |
| 500 ## - GENERAL NOTE | |
| General note | Donation. |
| 500 ## - GENERAL NOTE | |
| General note | Donated By: Sharazad Nur. |
| 504 ## - BIBLIOGRAPHY, ETC. NOTE | |
| Bibliography, etc | Includes bibliographical references and index. |
| 650 #0 - SUBJECT ADDED ENTRY--TOPICAL TERM | |
| Topical term or geographic name as entry element | Psychiatric nursing. |
| 9 (RLIN) | 10237 |
| 650 12 - SUBJECT ADDED ENTRY--TOPICAL TERM | |
| Topical term or geographic name as entry element | Psychiatric Nursing |
| General subdivision | methods. |
| 9 (RLIN) | 10238 |
| 650 22 - SUBJECT ADDED ENTRY--TOPICAL TERM | |
| Topical term or geographic name as entry element | Mental Disorders |
| General subdivision | nursing. |
| 9 (RLIN) | 10239 |
| 650 22 - SUBJECT ADDED ENTRY--TOPICAL TERM | |
| Topical term or geographic name as entry element | Psychotherapy |
| General subdivision | nurses' instruction. |
| 9 (RLIN) | 10240 |
| 942 ## - ADDED ENTRY ELEMENTS (KOHA) | |
| Source of classification or shelving scheme | Dewey Decimal Classification |
| Item type | Book - Borrowing |
| Withdrawn status | Item status | Source of classification or shelving scheme | Damaged status | Not for loan | Vendor | Home library | Current library | Shelving location | Date acquired | Source of acquisition | Total Checkouts | Total Renewals | Full call number | Barcode | Date last seen | Date last borrowed | Koha item type | Public note |
|---|---|---|---|---|---|---|---|---|---|---|---|---|---|---|---|---|---|---|
| Dewey Decimal Classification | Donation-Gift | Central Library | Central Library | First floor | 06/01/2010 | 12 | 117 | 610.7368 TOW | 000019397 | 15/07/2025 | 02/11/2021 | Book - Borrowing | Donated By: Sharzad Nur. |